Kauimpana mereltä sijaitsevat valtiot - Statistics

Yleistilastot
  • Tätä visaa on pelattu 811 kertaa
  • Keskiarvotulos 15 / 20
Vastaustilastot
km Maanosa Valtio % Oikein
697 Aasia Mongolia
95%
733 Aasia Kazakstan
89%
1174 Aasia Uzbekistan
87%
1288 Aasia Tadžikistan
84%
885 Aasia Turkmenistan
84%
1589 Aasia Kirgisia
83%
510 Aasia Nepal
82%
757 Afrikka Tšad
81%
556 Afrikka Keski-Afrikan tasavalta
78%
587 Afrikka Niger
75%
969 Afrikka Ruanda
74%
582 Amerikka Paraguay
73%
480 Aasia Bhutan
72%
759 Afrikka Uganda
71%
449 Aasia Afganistan
69%
764 Afrikka Etelä-Sudan
68%
932 Afrikka Burundi
67%
452 Afrikka Botswana
61%
597 Afrikka Sambia
60%
477 Afrikka Burkina Faso
46%
Ehtoja vastaavia visoja ei löytynyt
Tulosjakauma
Jokaisen tuloksen saaneiden osuus
Persentiili vastausten määrän mukaan
Tuloshistoriasi
Et ole pelannut tätä visaa